000
00306nam a22001337a 4500
008
170227b xxu||||| |||| 00| 0 eng d
020
_a
8800019096412
041
_a
eng
080
_2
2ND
_a
577
100
_a
5
101
_a
SHMB
245
_a
GENERAL, ORGANIC, AND BIOCHEMISTRY
_c
BLEI, I
942
_2
udc
_c
BK
999
_c
6378
_d
6378